000 00266nam a2200097Ia 4500
001 714333
005 20250826162903.0
008 250824s9999 xx 000 0 und d
245 0 _aPEYGAMBERİMİZDEN GÜNLÜK DUALAR
_cMUHAMMED SIDDIK FARUKÎ
260 _bHAYAT YAYINLARI
999 _c714333
_d714333